000 01140nam a2200217Ia 4500
003 Ost
005 20260416102359.0
008 260416s9999||||xx |||||||||||||| ||und||
040 _cfsecg
041 _aara
082 _a310
100 _aبوزنورة، أسماء
_eمؤلف
245 0 _aدروس و اعمال موجهة في الإحصاء 3 :
_bمطبوعة مقدمة لطلبة السنة ليسانس علوم اقتصادية و علوم تجارية و علوم التسيير /
_cأسماء بوزنورة
260 _aالجزائر
_bجامعة الجزائر3: كلية العلوم الإقتصادية، العلوم التجارية وعلوم التسيير
_c2022
300 _a116 ورقة
_bايضاحات
_c30 سم
504 _aالمراجع ص.112
520 _aتوزيعات المعاينة ، نظرية التقدير الاحصائية ، اختيار الفرضيات الاحصائية.
653 _aالاحصاء
710 _aجامعة الجزائر3: كلية العلوم الإقتصادية، العلوم التجارية وعلوم التسيير
_eناشر علمي
942 _cHANDOUT
999 _c41353
_d41353